000
00313nam a22001337a 4500
008
170330b xxu||||| |||| 00| 0 eng d
020
_a
0824775171
041
_a
eng
080
_a
616-053.2
100
_a
8
101
_a
SHM
245
_a
NUTRITION FOR SPECIAL NEEDS IN INFANCY
_c
LIFSHITZ, F
942
_2
udc
_c
BK
999
_c
9139
_d
9139